| 000 | 01305nam a2200361 a 4500 | ||
|---|---|---|---|
| 001 | ebr10070556 | ||
| 003 | CaPaEBR | ||
| 006 | m u | ||
| 007 | cr cn||||||||| | ||
| 008 | 050808r20031995enk sb 001 0 eng | ||
| 010 | _z 94033896 | ||
| 020 | _z0203003748 | ||
| 020 | _z0415093309 (hard) | ||
| 020 | _z0415122058 (pbk.) | ||
| 040 |
_aCaPaEBR _cCaPaEBR |
||
| 035 | _a(OCoLC)70737548 | ||
| 050 | 1 | 4 |
_aBD418.3 _b.M364 2003eb |
| 082 | 0 | 4 |
_a128/.2 _220 |
| 100 | 1 | _aMcCulloch, Gregory. | |
| 245 | 1 | 4 |
_aThe mind and its world _h[electronic resource] / _cGregory McCulloch. |
| 260 |
_aLondon ; _aNew York : _bRoutledge, _c2003. |
||
| 300 | _axii, 227 p. | ||
| 490 | 1 | _aThe problems of philosophy | |
| 504 | _aIncludesbibliographical references and index. | ||
| 533 |
_aElectronic reproduction. _bPalo Alto, Calif. : _cebrary, _d2013. _nAvailable via World Wide Web. _nAccess may be limited to ebrary affiliated libraries. |
||
| 650 | 0 | _aPhilosophy of mind. | |
| 650 | 0 | _aOntology. | |
| 655 | 7 |
_aElectronic books. _2local |
|
| 710 | 2 | _aebrary, Inc. | |
| 830 | 0 | _aProblems of philosophy (Routledge (Firm)) | |
| 830 | 0 | _aProblems of philosophy. | |
| 856 | 4 | 0 |
_uhttp://site.ebrary.com/lib/rucke/Doc?id=10070556 _zAn electronic book accessible through the World Wide Web; click to view |
| 999 |
_c43084 _d43084 |
||